00905 2200301 4500001002100000005001500021035002000036007000300056008004100059040002200100082001700122084001900139090002300158100002400181245007600205300002700281650003300308700002700341850001200368041000800380505004100388264005600429336002100485337003000506338002300536546002400559990002000583INLIS00000000085347420191204083314 a0010-1219000160ta191204s2018 jii g p | d aYOPDYOGbinderda04223a899.2221 a899.2221 HIR j aBTR 899.2221 HIR j1 aHir, LikePengarang1 aJumat Legen :bKamis malem Jumat Legi /cLik Hir; penghimpun, Ki Suwito ai, 23 halaman ;c21 cm 4aKesusastraan Jawa--vTembang0 aSuwitocKiePenghimpun aYOPDYOG1 ajav aBuku berisi kumpulan tembang macapat31a[Blitar] :b[penerbit tidak teridentifikasi],c2018 2rdacontentateks 2rdamediaatanpa perantara 2rdacarrieravolume aTeks berbahasa Jawa a65224-PD/A.2019